Saint Mother Teresa: (Record no. 194113)

MARC details
000 -LEADER
fixed length control field 00752nam a22001817a 4500
005 - DATE AND TIME OF LATEST TRANSACTION
control field 20230321124227.0
010 ## - LCCN (DPL NO)
LC control number B-746936 E.N.A./7.11.22
020 ## - INTERNATIONAL STANDARD BOOK NUMBER
International Standard Book Number 9789384401061
Terms of availability 250.00
035 ## - SYSTEM CONTROL NUMBER
System control number B-746936
082 ## - DEWEY DECIMAL CLASSIFICATION NUMBER
Classification number 921
245 ## - TITLE STATEMENT
Title Saint Mother Teresa:
Remainder of title A Biography/
Statement of responsibility, etc edited by Kaushal K. Goyal
260 ## - PUBLICATION, DISTRIBUTION, ETC. (IMPRINT)
Place of publication, distribution, etc New Delhi
Name of publisher, distributor, etc Pigeon Books India
Date of publication, distribution, etc 2018
270 ## - ADDRESS
Address 16, Ansari Road, Daryaganj
City New Delhi
Postal code 110002
Telephone number 9810229648
Electronic mail address generalbookdepot@yahoo.com
300 ## - PHYSICAL DESCRIPTION
Extent 158p.
Dimensions 20cm(pbk)
700 ## - ADDED ENTRY--PERSONAL NAME
Personal name K.Goyal, Kaushal
942 ## - ADDED ENTRY ELEMENTS (KOHA)
Source of classification or shelving scheme Dewey Decimal Classification
Item type English Books
Call number suffix SAI
Classification part 921
Holdings
Withdrawn status Lost status Not for loan Collection code Home library Current library Date acquired Source of acquisition Cost, normal purchase price Full call number Barcode Copy number Cost, replacement price Koha item type
      Non-fiction Central Library Central Library 21/03/2023 Piegon Books/PIEGON/IN-11/30.11.22/192/23.11.22./2.12.22 250.00 921 SAI B-746936 1 250.00 English Books

© Delhi Public Library
Hit Counter
free hit counter